000 01165nam a2200253Ia 4500
999 _c40448
_d40448
001 7057
003 GE_BSU
005 20231002115828.0
008 181216s2012||||ge |||||||||||||| ||geo||
020 _a9789941198144 (ტ1)
040 _cGE_BSU
041 _ageo
080 _a821.353.1-31 გ-19
100 _aგამსახურდია, კონსტანტინე
_919968
245 _aდიონისოს ღიმილი ტ.1 :
_bტ.1 პროზა /
_cკონსტანტინე გამსახურდია ; სარედ. ჯგუფი : ზურაბ აბაშიძე ; მანანა ჯანელიძე ; ირმა ხარშილაძე ; გარეკანის დიზაინერი ეთერ გზირიშვილი.
264 _aთბილისი :
_bპალიტრა L,
_c2012.
300 _a480 გვ. ;
_c19 სმ.
490 _aჩემი რჩეული
_xISSN 2233-3037
541 _h8ლ.
653 _aდიონისოს ღიმილი
653 _aპროზა
653 _aრომანი.
942 _cBK
_2udc